| 000 | 01292nmc a2200397 a 4500 | ||
|---|---|---|---|
| 003 | AR-BaBNM | ||
| 005 | 20251128203638.0 | ||
| 008 | 015119s1972 ||||||||||||||000 | spa|| | ||
| 040 | _cAR-BaBNM | ||
| 100 | 1 | _aLudojoski, Roque Luis | |
| 245 | 1 | 0 | _aAndragogía, o, Educación del adulto |
| 246 | 1 | _aEducación del adulto | |
| 260 |
_aMéxico, D.F. _aBuenos Aires _bGuadalupe _bCentro Regional de Ayuda Técnica _bA.I.D. _c1972 |
||
| 300 | 0 |
_a275 p. _bgráfs. |
|
| 490 | 0 | _aLa educación en el tiempo | |
| 500 | 0 | _aA.I.D.: AGENCIA PARA EL DESARROLLO INTERNACIONAL | |
| 500 | 0 | _aLa presente publicación ha sido preparada en forma conjunta por Editorial Guadalupe y el Centro Regional de Ayuda Técnica | |
| 500 | 0 | _aPrólogo por el autor | |
| 504 | _aBibliografía p. 273-275 | ||
| 600 | 1 | 4 | _aDottrens, Robert |
| 650 | 4 | _aADULTOS | |
| 650 | 4 | _aAPRENDIZAJE DE ADULTOS | |
| 650 | 4 | _aROL DEL DOCENTE | |
| 650 | 4 | _aAUTOAPRENDIZAJE | |
| 650 | 4 | _aEDUCACION PERMANENTE | |
| 650 | 4 | _aDIDACTICA | |
| 650 | 4 | _aCURRICULO | |
| 650 | 4 | _aEDUCACION DE ADULTOS | |
| 650 | 4 | _aENSENANZA PROGRAMADA | |
| 653 | 0 | _aPSICOPEDAGOGIA | |
| 653 | 0 | _aINVESTIGACION EDUCATIVA | |
| 653 | 0 | _aPLAN DALTON | |
| 810 | 2 | _aInstituto de Profesorado Verbo divino | |
| 942 | _cBK | ||
| 998 | _cCarmen | ||
| 999 |
_c4306 _d4306 |
||